| 000 | 00861nam a2200289 a 4500 | ||
|---|---|---|---|
| 003 | AR-BaBNM | ||
| 005 | 20251128210250.0 | ||
| 008 | 082120s2002 ||||||||||||||000 | spa|| | ||
| 020 | _a84-87118-58-5 | ||
| 040 | _cAR-BaBNM | ||
| 100 | 1 | _aFlor, José Ignacio | |
| 245 | 0 | 0 | _aRecursos para la investigación en el aula |
| 250 | _a3ª ed. | ||
| 260 |
_aSevilla _bDíada _c1997 |
||
| 300 |
_a82 p. _bil., diagr. |
||
| 490 | 0 |
_aInvestigación y enseñanza. Práctica _vv. 8 |
|
| 504 | _aContiene bibliografía comentada p. 78-82 | ||
| 650 | 4 | _aTECNICAS DIDACTICAS | |
| 650 | 4 | _aMETODOS DE ENSEÑANZA | |
| 650 | 4 | _aINVESTIGACION EN LA CLASE | |
| 650 | 4 | _aMATERIAL DIDACTICO | |
| 650 | 4 | _aACTIVIDADES DE APRENDIZAJE | |
| 653 | _aENSEÑANZA DE LAS CIENCIAS NATURALES | ||
| 800 | 1 |
_aPorlán Ariza, Rafael _edirector |
|
| 942 | _cBK | ||
| 998 | _cRaquel | ||
| 999 |
_c14700 _d14700 |
||